Statistics for Translate German Second World War Terminology to English

Click here to take the quiz!

General Stats

  • This quiz has been taken 55 times
  • The average score is 7 of 14

Answer Stats

GermanEnglish% Correct
PanzerTank
88%
FührerLeader
86%
LuftwaffeAir force
84%
BlitzkriegLightning War
77%
KriegsmarineWar marine
77%
LebensraumLiving Space
58%
SturmtruppenStorm troopers
56%
ReichshaupstadtReich capital city
40%
Großdeutsches ReichGreater German Empire
26%
AnschlussUnification
21%
WehrmachtMilitary
19%
SturmgewehrStorm Rifle
12%
Schutzstaffel (SS)Protection Squadron
9%
EinsatzgruppenTask force
5%

Score Distribution

Percentile by Number Answered

Percent of People with Each Score

Your Score History

You have not taken this quiz